|
|
|
|
| LEADER |
00925nam a22002293u 4500 |
| 001 |
10101747 |
| 003 |
upatras |
| 005 |
20210117203811.0 |
| 008 |
991022s eng |
| 040 |
|
|
|a Βιβλιοθήκη ΕΑΙΤΥ
|c Βιβλιοθήκη ΕΑΙΤΥ
|
| 041 |
0 |
|
|a eng
|
| 245 |
1 |
0 |
|a Managing a programming project
|
| 250 |
|
|
|a 2nd ed.
|
| 260 |
|
|
|a Englewood Cliffs
|a N.J.
|b Prentice-Hall
|c c1981
|
| 300 |
|
|
|a xi, 244p.
|b fig.
|
| 500 |
|
|
|a Βιβλιογραφία: σσ.239-241
|
| 650 |
|
4 |
|a COMPUTER PROGRAMMING
|9 24276
|
| 700 |
1 |
|
|a Metzger, Philip W.
|4 aut
|9 115733
|
| 852 |
|
|
|a GR-PaULI
|b ΠΑΤΡΑ
|b ΤΜΗΥΠ
|h 005.1 MET
|t 1
|
| 942 |
|
|
|2 ddc
|
| 952 |
|
|
|0 0
|1 0
|2 ddc
|4 0
|6 005_100000000000000_MET
|7 0
|8 NFIC
|9 126153
|a LISP
|b LISP
|c ALFf
|d 2016-04-24
|l 0
|o 005.1 MET
|p 025000280524
|r 2016-04-24 00:00:00
|t 1
|w 2016-04-24
|y BK15
|x Μεταφορά από Τμ. Μηχανικών ΗΥ & Πληροφορικής
|
| 999 |
|
|
|c 82757
|d 82757
|